| 000 -Etiqueta do registo | |
|---|---|
| campo de controlo de comprimento fixo | 006190000a22002170004500 |
| 001 - Identificador do registo | |
| Campo de controlo | 10181 |
| 010 ## - ISBN | |
| Número (ISBN) | 972-750-045-5 |
| 100 ## - Dados Gerais de Proc. | |
| Dados gerais de processamento | 20021008d2000 k y0pory5003 ba |
| 101 0# - Língua da publicação | |
| Língua do texto, banda sonora, etc. | Português |
| 102 ## - País de Publicação | |
| País de publicação | Portugal |
| 200 1# - Título | |
| Título próprio | Peter Pan |
| Primeira menção de responsabilidade | Walt Disney |
| Outras menções de responsabilidade | trad. Ana Martins |
| 205 ## - Menção da edição | |
| Menção da edição | 3ª ed |
| 210 ## - Publicação, Distribuição | |
| Lugar da edição, distribuição, etc. | Rio de Mouro |
| Nome do editor, distribuidor, etc. | Everest Editora |
| Data da publicação, distribuição, etc. | 2000 |
| 215 ## - Descrição física | |
| Descrição física | [48] p. |
| Outras indicações físicas | totalmente il |
| 225 2# - Colecção | |
| Título próprio da colecção | Nova antologia Disney |
| 675 ## - CDU | |
| Notação | 087.5 |
| Edição | BN |
| Língua da edição | Português |
| 700 #1 - Responsabilidade principal | |
| Koha Internal Code | 17424 |
| Palavra de ordem | Disney |
| Outra parte do nome | Walt |
| 702 #1 - Responsabilidade secundária | |
| Koha Internal Code | 30226 |
| Código de função | Tradutor |
| Palavra de ordem | Martins |
| Outra parte do nome | Ana |
| 090 ## - Números de controlo do sistema (Koha) | |
| Número biblioitem do Koha (gerado automaticamente) | 10181 |
| 942 ## - Elementos de entrada adicionados (Koha) | |
| Tipo de item no Koha | Monografias |
| Suprimido | Disponível no OPAC |
| 999 ## - Campo local | |
| Campo local | 10181 |
| Removido (estado) | Perdido (estado) | Data de aquisição | Origem do registo (biblioteca) (codificado) | Código da organização que empresta ou é detentora (biblioteca) | Código de barras | Local | Número de inventário | Cota | Data de empréstimo ou depósito | Tipo de circulação (não pode ser emprestado) | Tipo de item e material |
|---|---|---|---|---|---|---|---|---|---|---|---|
| Disponível | Disponível | 2002-10-08 | Biblioteca Municipal Álvaro de Campos | Biblioteca Municipal Álvaro de Campos | BMTAV25006 | Sala Infantil | 25006 | MJ12 NOV | 2025-12-20 | Normal | Monografias |